000 00469nam a22001455i 4500
001 173339
003 ES-MaACL
005 20230906215221.0
008 091126s1918 be |||| | fre d
245 0 0 _aEphémérides des campagnes belges en Afrique (1914-1917).
260 _aLe Havre :
_bEd. du "Bureau documentaire belge",
_c1918.
300 _a15 p. ;
_c16 cm.
650 4 _aGuerra mundial, 1914-1918-
_xCampañas-
_zÁfrica.
_9141634
852 _aES-MaACL
_j1489-F-12
999 _c173339
_d173339